| 000 | 00427nam a22001577a 4500 | ||
|---|---|---|---|
| 005 | 20251121095748.0 | ||
| 008 | 251121b |||||||| |||| 00| 0 eng d | ||
| 020 | _a979-8-88715-00-48 | ||
| 100 | _aCARTER, MAYA | ||
| 245 | _aBREEDING AND CROP PRODUCTION | ||
| 260 |
_aDUBLIN _bORYSON PRESS _c2023 |
||
| 300 | _aVIII, 291P. | ||
| 500 | _aINCLUDES INDEX | ||
| 650 | _a1. PLANT BREEDING 2. CROP PRODUCTION | ||
| 942 |
_2lcc _cBK |
||
| 999 |
_c216244 _d216244 |
||